[Event "Benidorm 2013 - Torneo sub2300"]
[Site "Benidorm ESP"]
[Date "2013.12.02"]
[Round "5.10"]
[White "Voiteanu, Gabriel"]
[Black "Gomez Dieguez, David"]
[Result "0-1"]
[WhiteElo "2251"]
[BlackElo "2164"]
[PlyCount "68"]
[EventDate "2013.11.29"]
[EventType "swiss"]
[EventRounds "10"]
[EventCountry "ESP"]
[Source "lmi"]
[SourceDate "2013.11.29"]

1. d4 Nf6 2. c4 c5 3. d5 b5 4. cxb5 a6 5. bxa6 g6 6. b3 Nxa6 7. Nc3 Bg7 8. Bd2
Nb4 9. e4 Nxe4 10. Nxe4 Bxa1 11. Bxb4 Rxa2 12. Nc3 Ra8 13. Na4 Bf6 14. Bd2 Bb7
15. Bc4 e6 16. Be3 Qa5+ 17. Ke2 O-O 18. Nh3 exd5 19. Bxd5 Qb5+ 20. Bc4 Qb4 21.
Bxc5 Rfe8+ 22. Kf1 Qa5 23. Nf4 Qc7 24. Nd5 Bxd5 25. Qxd5 d6 26. Bxd6 Qd7 27.
Bb5 Rac8 28. f3 Bh4 29. g4 Rc2 30. Kg1 Re1+ 31. Bf1 Bf2+ 32. Kg2 Bc5+ 33. Kh3
Bxd6 34. Qa5 Rxf1 0-1

[Event "Benidorm 2013 - Torneo sub2300"]
[Site "Benidorm ESP"]
[Date "2013.12.02"]
[Round "5.11"]
[White "Gromovs, Sergejs"]
[Black "Remolar Gallen, Jose"]
[Result "1-0"]
[WhiteElo "2148"]
[BlackElo "2213"]
[PlyCount "103"]
[EventDate "2013.11.29"]
[EventType "swiss"]
[EventRounds "10"]
[EventCountry "ESP"]
[Source "lmi"]
[SourceDate "2013.11.29"]

1. d4 d5 2. Nf3 e6 3. c4 c5 4. cxd5 exd5 5. Nc3 Nc6 6. g3 Nf6 7. Bg2 Be7 8. O-O
O-O 9. Bg5 cxd4 10. Nxd4 h6 11. Be3 Re8 12. h3 Be6 13. Kh2 Qd7 14. Rc1 Rac8 15.
Nxc6 bxc6 16. Na4 Bf5 17. Nc5 Bxc5 18. Bxc5 Ne4 19. e3 Nxc5 20. Rxc5 Be4 21. b4
Rb8 22. a3 Rb5 23. Rxb5 cxb5 24. Bxe4 Rxe4 25. Qd3 Qc6 26. Rd1 a5 27. bxa5 Ra4
28. Qxd5 Qxd5 29. Rxd5 Rxa5 30. Rd3 Ra4 31. Rb3 g6 32. Kg2 h5 33. Kf3 Kg7 34.
e4 Kf6 35. Ke3 Ke6 36. Kf4 Kf6 37. h4 Ra5 38. Ke3 Ra4 39. Kd3 Ke6 40. f3 Kd6
41. Ke3 Ke6 42. Kf4 Kf6 43. g4 hxg4 44. Kxg4 Ra5 45. f4 Ra4 46. e5+ Kg7 47. Kg5
Ra6 48. h5 gxh5 49. Kxh5 f6 50. Rg3+ Kf7 51. Rg6 Re6 52. Rxf6+ 1-0

[Event "Benidorm 2013 - Torneo sub2300"]
[Site "Benidorm ESP"]
[Date "2013.12.02"]
[Round "5.12"]
[White "Bosque Ortega, Xavier"]
[Black "Acebal Muniz, Antonio"]
[Result "1-0"]
[WhiteElo "2197"]
[BlackElo "2140"]
[PlyCount "39"]
[EventDate "2013.11.29"]
[EventType "swiss"]
[EventRounds "10"]
[EventCountry "ESP"]
[Source "lmi"]
[SourceDate "2013.11.29"]

1. d4 d5 2. Bf4 c5 3. e3 Nf6 4. c3 Nc6 5. Nd2 e6 6. Ngf3 Bd6 7. Bg3 Bxg3 8.
hxg3 Qd6 9. Bb5 Bd7 10. Bxc6 Bxc6 11. Ne5 Nd7 12. Ndf3 Nxe5 13. Nxe5 O-O 14.
Qh5 h6 15. Ng4 e5 16. Qxe5 Qg6 17. Qh5 Qc2 18. Nf6+ Kh8 19. Qg5 Qxb2 20. Rxh6+
1-0

[Event "Benidorm 2013 - Torneo sub2300"]
[Site "Benidorm ESP"]
[Date "2013.12.02"]
[Round "5.13"]
[White "Royset, Pal"]
[Black "Varga, Mariano"]
[Result "1-0"]
[WhiteElo "2190"]
[BlackElo "2113"]
[PlyCount "63"]
[EventDate "2013.11.29"]
[EventType "swiss"]
[EventRounds "10"]
[EventCountry "ESP"]
[Source "lmi"]
[SourceDate "2013.11.29"]

1. e4 c5 2. c3 Nf6 3. e5 Nd5 4. d4 cxd4 5. Nf3 e6 6. cxd4 d6 7. Nc3 Nxc3 8.
bxc3 Qc7 9. Bd2 Nc6 10. exd6 Bxd6 11. Bd3 h6 12. O-O O-O 13. Re1 Bf4 14. Bxf4
Qxf4 15. Rb1 b6 16. Re4 Qc7 17. Qd2 f5 18. Re3 Bd7 19. Bc4 Rf6 20. Rbe1 Nd8 21.
Ne5 Kh7 22. d5 Rc8 23. Qd3 exd5 24. Bxd5 Ba4 25. Rf3 Nb7 26. Rxf5 Nc5 27. Qb1
Kh8 28. Rxf6 gxf6 29. Ng6+ Kg7 30. Re7+ Qxe7 31. Nxe7 Re8 32. Qg6+ 1-0

[Event "Benidorm 2013 - Torneo sub2300"]
[Site "Benidorm ESP"]
[Date "2013.12.02"]
[Round "5.16"]
[White "Lacrosse, Marc"]
[Black "Rodriguez Fontecha, Marcos"]
[Result "0-1"]
[WhiteElo "2189"]
[BlackElo "2300"]
[PlyCount "44"]
[EventDate "2013.11.29"]
[EventType "swiss"]
[EventRounds "10"]
[EventCountry "ESP"]
[Source "lmi"]
[SourceDate "2013.11.29"]

1. d4 d5 2. c4 Nc6 3. Nc3 Nf6 4. Nf3 dxc4 5. d5 Na5 6. Qa4+ c6 7. b4 b5 8. Qxa5
Qxa5 9. bxa5 b4 10. dxc6 bxc3 11. e3 Be6 12. Ne5 g6 13. Bxc4 Bxc4 14. Nxc4 Bg7
15. Ba3 O-O 16. Bxe7 Rfc8 17. Na3 Nd5 18. Bc5 Rxc6 19. Bd4 Bxd4 20. exd4 Nb4
21. O-O-O c2 22. Rde1 Rac8 0-1

[Event "Benidorm 2013 - Torneo sub2300"]
[Site "Benidorm ESP"]
[Date "2013.12.02"]
[Round "5.18"]
[White "Lopez Del Alamo, Antonio"]
[Black "Mirete Bernabe, Marco Antonio"]
[Result "1-0"]
[WhiteElo "2281"]
[BlackElo "2141"]
[PlyCount "34"]
[EventDate "2013.11.29"]
[EventType "swiss"]
[EventRounds "10"]
[EventCountry "ESP"]
[Source "lmi"]
[SourceDate "2013.11.29"]

1. e4 e6 2. d3 d5 3. Qe2 Nf6 4. Nf3 Be7 5. g3 b6 6. e5 Nfd7 7. Bg2 Bb7 8. O-O
c5 9. c4 d4 10. h4 h6 11. h5 Qc7 12. Bf4 Nc6 13. Nbd2 Bg5 14. Ne4 Bxf4 15. Nd6+
Ke7 16. gxf4 g6 17. hxg6 f5 1-0

[Event "Benidorm 2013 - Torneo sub2300"]
[Site "Benidorm ESP"]
[Date "2013.12.02"]
[Round "5.19"]
[White "Sanchez Dengra, Jose Maria"]
[Black "Fidalgo Fernandez, Javier"]
[Result "1/2-1/2"]
[WhiteElo "2109"]
[BlackElo "2264"]
[PlyCount "37"]
[EventDate "2013.11.29"]
[EventType "swiss"]
[EventRounds "10"]
[EventCountry "ESP"]
[Source "lmi"]
[SourceDate "2013.11.29"]

1. e4 c5 2. Nf3 Nc6 3. d4 cxd4 4. Nxd4 e5 5. Nb5 a6 6. Nd6+ Bxd6 7. Qxd6 Qf6 8.
Qd1 Qg6 9. Nc3 Nge7 10. h4 h5 11. Be3 d5 12. exd5 Nb4 13. Bd3 Nxd3+ 14. Qxd3
Qxd3 15. cxd3 Bf5 16. O-O-O O-O-O 17. Bb6 Rd7 18. Rhe1 Rh6 19. Bc5 1/2-1/2

[Event "Benidorm 2013 - Torneo sub2300"]
[Site "Benidorm ESP"]
[Date "2013.12.02"]
[Round "5.21"]
[White "Uran Bermudez, Oliver Kevin"]
[Black "Cano Gimenez, Vicente"]
[Result "1/2-1/2"]
[WhiteElo "2101"]
[BlackElo "2260"]
[PlyCount "110"]
[EventDate "2013.11.29"]
[EventType "swiss"]
[EventRounds "10"]
[EventCountry "ESP"]
[Source "lmi"]
[SourceDate "2013.11.29"]

1. e4 c5 2. Nf3 Nc6 3. d4 cxd4 4. Nxd4 g6 5. Be3 Nf6 6. Nc3 Bg7 7. Nxc6 bxc6 8.
e5 Ng8 9. f4 Nh6 10. Bc4 O-O 11. Bc5 d6 12. Ba3 dxe5 13. Qxd8 Rxd8 14. O-O Rd4
15. Bb3 Ba6 16. Rf3 Rxf4 17. Bxe7 Rxf3 18. gxf3 Nf5 19. Bc5 Nd4 20. Kf2 Bf8 21.
Ne4 Bxc5 22. Nxc5 Bc8 23. Re1 Bf5 24. Rxe5 Nxb3 25. Nxb3 Bxc2 26. Nd4 Bb1 27.
Nxc6 Bxa2 28. Ra5 Be6 29. Rxa7 Rxa7 30. Nxa7 Kf8 31. Ke3 Ke7 32. Kd4 Kd6 33.
Nb5+ Kc6 34. Nc3 Kd6 35. Ne4+ Ke7 36. b4 h6 37. b5 Bc8 38. Kc5 Bb7 39. Kb6 Bd5
40. Kc7 f5 41. Nd2 g5 42. b6 Ke6 43. b7 Bxb7 44. Kxb7 Ke5 45. Kc6 g4 46. Kc5 h5
47. Kc4 Kf4 48. Kd3 g3 49. hxg3+ Kxg3 50. Ke3 f4+ 51. Ke4 h4 52. Nf1+ Kg2 53.
Kxf4 Kxf1 54. Kg4 Kg2 55. Kxh4 Kxf3 1/2-1/2

[Event "Benidorm 2013 - Torneo sub2300"]
[Site "Benidorm ESP"]
[Date "2013.12.02"]
[Round "5.22"]
[White "Nicolas Zapata, Irene"]
[Black "Capote Robayna, Nathaniel"]
[Result "1-0"]
[WhiteElo "2241"]
[BlackElo "2128"]
[PlyCount "67"]
[EventDate "2013.11.29"]
[EventType "swiss"]
[EventRounds "10"]
[EventCountry "ESP"]
[Source "lmi"]
[SourceDate "2013.11.29"]

1. Nf3 Nf6 2. c4 e6 3. Nc3 d5 4. e3 c5 5. cxd5 Nxd5 6. d4 cxd4 7. Nxd5 Qxd5 8.
exd4 Bd6 9. Bd3 h6 10. O-O O-O 11. Ne5 Bxe5 12. dxe5 Qxe5 13. Re1 Qd5 14. Re3
Rd8 15. Rg3 Kf8 16. Qa4 Qd4 17. Qa5 Qd5 18. Qa4 Qd4 19. Qc2 Nc6 20. Be3 Qf6 21.
Rf3 Qe7 22. Rc1 Nd4 23. Bxd4 Rxd4 24. Bg6 f5 25. Re1 Rd7 26. g4 b6 27. Bxf5
exf5 28. Rxf5+ Kg8 29. Qc4+ Kh7 30. Rxe7 Rxe7 31. Qb4 Re2 32. Rf7 Be6 33. Qc3
Bxf7 34. Qd3+ 1-0

[Event "Benidorm 2013 - Torneo sub2300"]
[Site "Benidorm ESP"]
[Date "2013.12.02"]
[Round "5.30"]
[White "Castellanos Bogalo, Antonio"]
[Black "Amdouni, Zoubaier"]
[Result "0-1"]
[WhiteElo "2056"]
[BlackElo "2247"]
[PlyCount "30"]
[EventDate "2013.11.29"]
[EventType "swiss"]
[EventRounds "10"]
[EventCountry "ESP"]
[Source "lmi"]
[SourceDate "2013.11.29"]

1. e4 g6 2. d4 Bg7 3. c3 d6 4. Bd3 e5 5. Nf3 Nc6 6. dxe5 dxe5 7. O-O Nf6 8. Na3
O-O 9. b4 a6 10. Qe2 Nh5 11. Bg5 Qe8 12. b5 Nd8 13. Rfd1 Ne6 14. g3 Nxg5 15.
Nxg5 Qe7 0-1

[Event "Benidorm 2013 - Torneo sub2300"]
[Site "Benidorm ESP"]
[Date "2013.12.02"]
[Round "5.36"]
[White "Jimenez Almeida, Luis David"]
[Black "Gonzalez Aguirre, Luis"]
[Result "1-0"]
[WhiteElo "1985"]
[BlackElo "2157"]
[PlyCount "49"]
[EventDate "2013.11.29"]
[EventType "swiss"]
[EventRounds "10"]
[EventCountry "ESP"]
[Source "lmi"]
[SourceDate "2013.11.29"]

1. d4 d5 2. Nf3 Nf6 3. c4 dxc4 4. e3 e6 5. Bxc4 a6 6. a4 c5 7. O-O cxd4 8. exd4
Be7 9. Nc3 O-O 10. Re1 Nc6 11. Bg5 Nb4 12. Qe2 Nbd5 13. Ne5 Qd6 14. Bxd5 Nxd5
15. Nc4 Qd8 16. Nxd5 Bxg5 17. Ndb6 Ra7 18. Rad1 Qc7 19. Qe5 Bf4 20. Qxc7 Bxc7
21. Rc1 a5 22. Nxc8 Ra6 23. Ne7+ Kh8 24. Ne5 Bd6 25. Nxf7+ 1-0

[Event "Benidorm 2013 - Torneo sub2300"]
[Site "Benidorm ESP"]
[Date "2013.12.02"]
[Round "5.38"]
[White "Devecchi, Jorge"]
[Black "Bilquez, Romain"]
[Result "1/2-1/2"]
[WhiteElo "1997"]
[BlackElo "2152"]
[PlyCount "26"]
[EventDate "2013.11.29"]
[EventType "swiss"]
[EventRounds "10"]
[EventCountry "ESP"]
[Source "lmi"]
[SourceDate "2013.11.29"]

1. e4 d6 2. d4 Nf6 3. Nc3 g6 4. f4 Bg7 5. Nf3 c5 6. Bb5+ Bd7 7. e5 Ng4 8. e6
fxe6 9. Ng5 Bxb5 10. Nxb5 cxd4 11. Nxe6 Qa5+ 12. Bd2 Qxb5 13. Nxg7+ Kf7 1/2-1/2

[Event "Benidorm 2013 - Torneo sub2300"]
[Site "Benidorm ESP"]
[Date "2013.12.02"]
[Round "5.46"]
[White "Tejero Royo, Fermin"]
[Black "Garcia Esteban, Ignacio"]
[Result "1/2-1/2"]
[WhiteElo "2085"]
[BlackElo "1874"]
[PlyCount "58"]
[EventDate "2013.11.29"]
[EventType "swiss"]
[EventRounds "10"]
[EventCountry "ESP"]
[Source "lmi"]
[SourceDate "2013.11.29"]

1. d4 Nf6 2. c4 e5 3. dxe5 Ng4 4. Nf3 Nc6 5. e3 Ngxe5 6. Nxe5 Nxe5 7. Be2 Bb4+
8. Bd2 Bxd2+ 9. Qxd2 d6 10. Nc3 Be6 11. b3 O-O 12. O-O Qc8 13. f4 Nc6 14. e4 f5
15. Rae1 Qd7 16. Bd3 Rae8 17. Re3 Qf7 18. g3 Nb4 19. Bb1 Na6 20. Rfe1 Bd7 21.
Qd5 Qxd5 22. exd5 Rxe3 23. Rxe3 g6 24. Kf2 Kf7 25. Ke2 Re8 26. Rxe8 Kxe8 27.
Ke3 Ke7 28. Kd4 c5+ 29. dxc6 bxc6 1/2-1/2

[Event "Benidorm 2013 - Torneo sub2300"]
[Site "Benidorm ESP"]
[Date "2013.12.02"]
[Round "5.53"]
[White "Ginzburg, Natan"]
[Black "Cardenas Serrano, Sergio"]
[Result "0-1"]
[WhiteElo "1941"]
[BlackElo "2094"]
[PlyCount "70"]
[EventDate "2013.11.29"]
[EventType "swiss"]
[EventRounds "10"]
[EventCountry "ESP"]
[Source "lmi"]
[SourceDate "2013.11.29"]

1. e4 c5 2. Nf3 e6 3. c3 d5 4. e5 Nh6 5. d4 Nf5 6. Na3 Nc6 7. Nc2 Be7 8. Bd3 c4
9. Be2 b5 10. g4 Nh4 11. Nxh4 Bxh4 12. a4 bxa4 13. Ne3 f6 14. O-O fxe5 15. dxe5
Nxe5 16. f4 Nf7 17. Bf3 O-O 18. Rxa4 Bd7 19. Ra6 Qc8 20. Ra2 Be7 21. Kh1 Bc5
22. Nc2 Nd8 23. Nd4 Nc6 24. f5 Nxd4 25. cxd4 Bd6 26. fxe6 Bxe6 27. Qe2 Qd7 28.
Qg2 Rf7 29. Re1 Raf8 30. Bxd5 Rf1+ 31. Rxf1 Rxf1+ 32. Qxf1 Bxd5+ 33. Kg1 Qxg4+
34. Kf2 Qf3+ 35. Ke1 Bb4+ 0-1

[Event "Benidorm 2013 - Torneo sub2300"]
[Site "Benidorm ESP"]
[Date "2013.12.02"]
[Round "5.54"]
[White "Ponce Cano ***, Adrian"]
[Black "Lopez Colon, Francisco"]
[Result "1-0"]
[WhiteElo "2071"]
[BlackElo "2043"]
[PlyCount "49"]
[EventDate "2013.11.29"]
[EventType "swiss"]
[EventRounds "10"]
[EventCountry "ESP"]
[Source "lmi"]
[SourceDate "2013.11.29"]

1. e4 d6 2. Nf3 Nf6 3. c3 Nbd7 4. Qc2 g6 5. d4 e5 6. Bc4 Bg7 7. O-O O-O 8. Re1
Qe7 9. Nbd2 Nb6 10. Bb3 c5 11. d5 Nh5 12. a4 f5 13. a5 Nd7 14. exf5 gxf5 15.
Nc4 e4 16. g4 fxg4 17. Rxe4 Qf6 18. Ng5 Qg6 19. Qe2 Ndf6 20. Re7 h6 21. Ne6
Bxe6 22. Rxe6 Qf7 23. Nxd6 Qd7 24. Nf5 Nxd5 25. Ne7+ 1-0

[Event "Benidorm 2013 - Torneo sub2300"]
[Site "Benidorm ESP"]
[Date "2013.12.02"]
[Round "5.55"]
[White "Alvarez Pedrosa, Valeriano"]
[Black "Rodriguez Perez, Jorge"]
[Result "1-0"]
[WhiteElo "1923"]
[BlackElo "2071"]
[PlyCount "55"]
[EventDate "2013.11.29"]
[EventType "swiss"]
[EventRounds "10"]
[EventCountry "ESP"]
[Source "lmi"]
[SourceDate "2013.11.29"]

1. d4 Nf6 2. Bf4 c5 3. e3 e6 4. Nf3 b6 5. Bd3 Bb7 6. Nbd2 Be7 7. h3 d6 8. c3
O-O 9. Qe2 Nc6 10. O-O Rc8 11. Rad1 Re8 12. Rfe1 Bf8 13. Bb1 Qc7 14. Bh2 Rcd8
15. Ne4 Nxe4 16. Bxe4 f5 17. Bb1 g6 18. e4 Bg7 19. exf5 gxf5 20. Ng5 cxd4 21.
Qh5 Be5 22. f4 Bh8 23. Bxf5 dxc3 24. Bxh7+ Kf8 25. Bg6 Qg7 26. Bxe8 Rxe8 27.
Rxe6 Ne7 28. Rf6+ 1-0

[Event "Benidorm 2013 - Torneo sub2300"]
[Site "Benidorm ESP"]
[Date "2013.12.02"]
[Round "5.61"]
[White "Tavares, Eliseu Domingos Man"]
[Black "De Lucas Bello, Federico"]
[Result "1/2-1/2"]
[WhiteElo "2075"]
[BlackElo "1946"]
[PlyCount "53"]
[EventDate "2013.11.29"]
[EventType "swiss"]
[EventRounds "10"]
[EventCountry "ESP"]
[Source "lmi"]
[SourceDate "2013.11.29"]

1. e4 c5 2. Bc4 e6 3. Nc3 Nc6 4. d3 a6 5. a3 Nf6 6. Ba2 d5 7. f3 Be7 8. Nge2 b5
9. Ng3 O-O 10. Nce2 Bb7 11. O-O Rc8 12. c3 dxe4 13. dxe4 Ne5 14. Be3 Qc7 15.
Qc2 Rfd8 16. Rad1 c4 17. Nd4 Nfd7 18. Qe2 Nd3 19. Bb1 Nf4 20. Bxf4 Qxf4 21. Nh5
Qh6 22. f4 g6 23. Ng3 e5 24. fxe5 Nxe5 25. Kh1 Bh4 26. Qf2 Bg5 27. Nde2 1/2-1/2

[Event "Benidorm 2013 - Torneo sub2300"]
[Site "Benidorm ESP"]
[Date "2013.12.02"]
[Round "5.66"]
[White "Vinals Rioja, Jaume"]
[Black "Sancho Castiello, Federico"]
[Result "1-0"]
[WhiteElo "2026"]
[BlackElo "2091"]
[PlyCount "55"]
[EventDate "2013.11.29"]
[EventType "swiss"]
[EventRounds "10"]
[EventCountry "ESP"]
[Source "lmi"]
[SourceDate "2013.11.29"]

1. e4 c5 2. Nc3 e6 3. Nf3 Nc6 4. d4 cxd4 5. Nxd4 a6 6. Be3 Qc7 7. Bd3 b5 8. a3
Bb7 9. O-O Nf6 10. Kh1 Be7 11. Nxc6 Bxc6 12. Qd2 d5 13. exd5 Nxd5 14. Nxd5 Bxd5
15. Bf4 Qb7 16. f3 O-O 17. Be5 f6 18. Bc3 Rad8 19. Qf2 g5 20. Rae1 Qc7 21. f4
Bd6 22. fxg5 Bxh2 23. gxf6 Bg3 24. Qd2 Qf7 25. Qg5+ Kh8 26. Qxg3 Rg8 27. Qg7+
Rxg7 28. fxg7+ 1-0

[Event "Benidorm 2013 - Torneo sub2300"]
[Site "Benidorm ESP"]
[Date "2013.12.03"]
[Round "6.1"]
[White "Martinez Reyes, Pedro Ramon"]
[Black "Gete Rodriguez, Isidro"]
[Result "1-0"]
[WhiteElo "2235"]
[BlackElo "2102"]
[PlyCount "135"]
[EventDate "2013.11.29"]
[EventType "swiss"]
[EventRounds "10"]
[EventCountry "ESP"]
[Source "lmi"]
[SourceDate "2013.11.29"]

1. e4 c5 2. Nf3 Nc6 3. Bb5 g6 4. O-O Bg7 5. c3 Nf6 6. Re1 O-O 7. d4 cxd4 8.
cxd4 d5 9. e5 Ne4 10. Bxc6 bxc6 11. Nbd2 Nxd2 12. Bxd2 Qb6 13. Bc3 Bg4 14. h3
Bxf3 15. Qxf3 f5 16. Rec1 e6 17. b4 Rf7 18. Rc2 Bh6 19. Qd3 Qb5 20. Qxb5 cxb5
21. Be1 Rff8 22. a4 bxa4 23. Rxa4 Rfc8 24. Rxa7 Rxc2 25. Rxa8+ Kf7 26. Ra7+ Kg8
27. Kf1 Bf8 28. b5 Rb2 29. Rb7 Bb4 30. Bxb4 Rxb4 31. b6 Kf8 32. h4 h6 33. h5
gxh5 34. Rb8+ Ke7 35. Rb7+ Kd8 36. Rh7 Rxb6 37. Rxh6 Ke7 38. Rxh5 Rb4 39. Rh4
Kf7 40. Kg1 Kg6 41. Kh2 Kg5 42. g3 Ra4 43. Kh3 Rc4 44. Rh8 Kg6 45. Rf8 Kg5 46.
Rf6 Rc6 47. Rf8 Ra6 48. Rg8+ Kh5 49. Rd8 Ra7 50. Re8 Ra6 51. f3 Rb6 52. Rg8 Rb3
53. f4 Rb2 54. Rg5+ Kh6 55. g4 Rb3+ 56. Kh4 fxg4 57. Kxg4 Rb1 58. Rh5+ Kg6 59.
Rg5+ Kh6 60. Kf3 Rf1+ 61. Ke3 Re1+ 62. Kd3 Rd1+ 63. Kc3 Rf1 64. Rg8 Rf3+ 65.
Kb4 Rxf4 66. Kc5 Rf1 67. Re8 Rc1+ 68. Kd6 1-0

[Event "Benidorm 2013 - Torneo sub2300"]
[Site "Benidorm ESP"]
[Date "2013.12.03"]
[Round "6.2"]
[White "Sabater Sanchez, Asensio"]
[Black "Acuna Celada, Ivan"]
[Result "1/2-1/2"]
[WhiteElo "2151"]
[BlackElo "2163"]
[PlyCount "59"]
[EventDate "2013.11.29"]
[EventType "swiss"]
[EventRounds "10"]
[EventCountry "ESP"]
[Source "lmi"]
[SourceDate "2013.11.29"]

1. d4 d5 2. Bg5 Nd7 3. Nf3 Ngf6 4. e3 e6 5. c4 Be7 6. Nc3 O-O 7. Rc1 dxc4 8.
Bxc4 a6 9. a4 c5 10. O-O cxd4 11. Nxd4 Ne5 12. Be2 Qb6 13. Qb3 Qxb3 14. Nxb3
Bd7 15. Bxf6 Bxf6 16. Rfd1 Rfd8 17. f4 Ng6 18. Bf3 Bxc3 19. Rxc3 Bxa4 20. Rxd8+
Rxd8 21. Nc5 Bc6 22. Nxb7 Bxb7 23. Bxb7 Rd1+ 24. Kf2 Rd2+ 25. Kg3 Rxb2 26. Bxa6
Ne7 27. Bd3 g6 28. Be4 Rb4 29. Kf3 Kg7 30. g4 1/2-1/2

[Event "Benidorm 2013 - Torneo sub2300"]
[Site "Benidorm ESP"]
[Date "2013.12.03"]
[Round "6.3"]
[White "Valmana Canto, Jaime"]
[Black "Rodriguez Melendez, Juan Humbe"]
[Result "1-0"]
[WhiteElo "2298"]
[BlackElo "2060"]
[PlyCount "95"]
[EventDate "2013.11.29"]
[EventType "swiss"]
[EventRounds "10"]
[EventCountry "ESP"]
[Source "lmi"]
[SourceDate "2013.11.29"]

1. e4 c5 2. Nf3 d6 3. c3 Nf6 4. Be2 Nc6 5. d4 cxd4 6. cxd4 d5 7. e5 Ne4 8. O-O
e6 9. Ne1 Qb6 10. Nc2 h6 11. f3 Ng5 12. Nc3 Be7 13. f4 Nh7 14. Be3 Bd7 15. a3
g6 16. b4 f5 17. exf6 Nxf6 18. Bd3 Kf7 19. Ne1 Kg7 20. Rc1 Qd8 21. Bb1 a6 22.
Na4 Rg8 23. Nc5 Bc8 24. Nf3 Kh7 25. Ne5 Qe8 26. Qf3 Bf8 27. Qh3 Nd8 28. Rf3 Nf7
29. Rg3 Nh8 30. Rf1 b6 31. Ncd3 Ne4 32. Rg4 Bg7 33. Nf3 Rf8 34. Nde5 Kg8 35.
Nd2 h5 36. Rg3 Nxg3 37. hxg3 Ra7 38. Ndf3 Bf6 39. g4 Rh7 40. gxh5 Rxh5 41. Qg4
Rf5 42. Rc1 Kh7 43. Qh3+ Kg8 44. g4 Rxe5 45. fxe5 Be7 46. Ng5 Rf7 47. Nxf7 Nxf7
48. Bxg6 1-0

[Event "Benidorm 2013 - Torneo sub2300"]
[Site "Benidorm ESP"]
[Date "2013.12.03"]
[Round "6.4"]
[White "Sos Andreu, Eric"]
[Black "Kultiyasov, Mikhail"]
[Result "0-1"]
[WhiteElo "2276"]
[BlackElo "2188"]
[PlyCount "130"]
[EventDate "2013.11.29"]
[EventType "swiss"]
[EventRounds "10"]
[EventCountry "ESP"]
[Source "lmi"]
[SourceDate "2013.11.29"]

1. d4 Nf6 2. c4 g6 3. Nc3 Bg7 4. e4 d6 5. Nf3 O-O 6. Be2 e5 7. Be3 Nc6 8. d5
Ne7 9. Nd2 Nd7 10. O-O f5 11. f3 f4 12. Bf2 g5 13. b4 Ng6 14. c5 Nf6 15. Rc1
Rf7 16. Nc4 Bf8 17. cxd6 cxd6 18. Nb5 g4 19. Nxa7 Bd7 20. Bb6 Qb8 21. b5 Rxa7
22. Bxa7 Qxa7+ 23. b6 Qa8 24. fxg4 Nxe4 25. Bd3 Nc5 26. Bf5 Bxf5 27. gxf5 Rxf5
28. Qg4 Rf7 29. Rc2 Rg7 30. Rfc1 Qd8 31. Qh3 e4 32. Kh1 e3 33. Nxd6 Qxd6 34.
Rxc5 Qxb6 35. Rc8 Re7 36. Qg4 e2 37. Re1 Qf2 38. Rcc1 Re3 39. h4 Qxh4+ 40. Qxh4
Nxh4 41. Rc2 Nf5 42. Rc4 Bd6 43. Kg1 Ng3 44. Kf2 b6 45. Rb1 Bc5 46. Ke1 f3 47.
Rg4+ Kh8 48. Rxg3 f2+ 49. Kxf2 Rb3+ 50. Kxe2 Rxb1 51. Kd3 Rb4 52. Kc3 Rd4 53.
Rd3 Rxd3+ 54. Kxd3 Kg7 55. Kc4 Kf6 56. a4 Ke5 57. a5 Kd6 58. axb6 Bxb6 59. Kd3
Kxd5 60. Ke2 Ke4 61. g4 Kf4 62. Kf1 Kg3 63. g5 Be3 64. Ke2 Bxg5 65. Kf1 Be3 0-1

[Event "Benidorm 2013 - Torneo sub2300"]
[Site "Benidorm ESP"]
[Date "2013.12.03"]
[Round "6.5"]
[White "Parligras, Cosmin"]
[Black "Arias Igual, Alejandro"]
[Result "0-1"]
[WhiteElo "2257"]
[BlackElo "2178"]
[PlyCount "104"]
[EventDate "2013.11.29"]
[EventType "swiss"]
[EventRounds "10"]
[EventCountry "ESP"]
[Source "lmi"]
[SourceDate "2013.11.29"]

1. Nf3 d5 2. d4 e6 3. e3 c5 4. Bd3 Nf6 5. O-O Nc6 6. b3 Be7 7. Bb2 O-O 8. Nbd2
b6 9. a3 Bb7 10. Qe2 Rc8 11. Rad1 Qc7 12. dxc5 bxc5 13. c4 Rfe8 14. Rfe1 Ng4
15. cxd5 exd5 16. Bf5 Nf6 17. Bxc8 Bxc8 18. Nf1 Be6 19. Rc1 Qb6 20. Qc2 Nd7 21.
Ng3 Na5 22. Nd2 Rb8 23. Rb1 g6 24. Bc3 Nc6 25. b4 cxb4 26. axb4 Nxb4 27. Qa4
Bc5 28. Nb3 Bf8 29. Nd4 Rb7 30. Nxe6 fxe6 31. Bd4 Qd6 32. f4 Nb6 33. Qd1 Nc4
34. Qg4 Rf7 35. h4 Nc2 36. Re2 Nxd4 37. exd4 Bg7 38. Rd1 Rxf4 39. Qxe6+ Qxe6
40. Rxe6 Bxd4+ 41. Rxd4 Rxd4 42. h5 gxh5 43. Ra6 Rd3 44. Nxh5 Ra3 45. Rxa3 Nxa3
46. Nf6+ Kf7 47. Nxd5 Ke6 48. Nc7+ Ke5 49. Na6 Nc2 50. Kh2 Kd5 51. Kh3 Kc4 52.
Kh4 Nb4 0-1

[Event "Benidorm 2013 - Torneo sub2300"]
[Site "Benidorm ESP"]
[Date "2013.12.03"]
[Round "6.6"]
[White "Olhovik, Andrei"]
[Black "Gromovs, Sergejs"]
[Result "1/2-1/2"]
[WhiteElo "2252"]
[BlackElo "2148"]
[PlyCount "30"]
[EventDate "2013.11.29"]
[EventType "swiss"]
[EventRounds "10"]
[EventCountry "ESP"]
[Source "lmi"]
[SourceDate "2013.11.29"]

1. d4 d5 2. c4 e6 3. Nc3 Nf6 4. cxd5 exd5 5. Bg5 Be7 6. e3 O-O 7. Bd3 c6 8. Qc2
Nbd7 9. Nf3 Re8 10. O-O Nf8 11. h3 Ng6 12. Rab1 Ne4 13. Bxe7 Qxe7 14. Ne2 f5
15. b4 a6 1/2-1/2

[Event "Benidorm 2013 - Torneo sub2300"]
[Site "Benidorm ESP"]
[Date "2013.12.03"]
[Round "6.7"]
[White "Montalban Galvez, Antoni"]
[Black "Bosque Ortega, Xavier"]
[Result "1-0"]
[WhiteElo "2183"]
[BlackElo "2197"]
[PlyCount "87"]
[EventDate "2013.11.29"]
[EventType "swiss"]
[EventRounds "10"]
[EventCountry "ESP"]
[Source "lmi"]
[SourceDate "2013.11.29"]

1. d4 d5 2. c4 c6 3. Nf3 Nf6 4. Qc2 g6 5. Bf4 Bg7 6. e3 Bf5 7. Qb3 Qb6 8. Nc3
Qxb3 9. axb3 O-O 10. h3 Nbd7 11. Be2 Rfe8 12. O-O Bc2 13. cxd5 Nxd5 14. Nxd5
cxd5 15. Bb5 Bf5 16. g4 Be4 17. Nd2 Red8 18. f3 Bc2 19. Rfc1 Rac8 20. Rxa7 e5
21. Bxd7 Rxd7 22. Bxe5 Bxe5 23. dxe5 d4 24. exd4 Rxd4 25. Ne4 Rd1+ 26. Rxd1
Bxd1 27. Nf6+ Kg7 28. Rxb7 Bxf3 29. Rc7 Rxc7 30. Ne8+ Kf8 31. Nxc7 Ke7 32. Nb5
Bd5 33. Nd4 f6 34. exf6+ Kxf6 35. Kf2 Ke5 36. Ke3 g5 37. Nf3+ Kf6 38. b4 h6 39.
b5 Ke6 40. h4 gxh4 41. Nxh4 Kf6 42. Kf4 Bb7 43. Nf5 Kg6 44. Nd6 1-0